000
00295nam a2200109Ia 4500
005
20251222143302.0
008
251222s9999||||xx |||||||||||||| ||spa||
082
_a
370.19/R31
245
0
_a
La Educación y sus Máscaras:
264
_b
Real Academia de Ciencias Morales y Políticas
942
_c
LIB
999
_c
15374
_d
15374